000 00960nam a22003133 4500
001 21912
003 VRT
005 20260313184155.0
008 260302s2026 xo 000 0 slo d
020 _a9788083052574
_q(viazané)
035 _aa000784597
039 9 _a202603021339
_bSvikruhap
040 _aUKB
_bslo
_dUKB
_erda
041 0 _aslo
044 _axo
_cSK
100 1 _aGilmore, Laurie
245 1 0 _aJahodová palacinkáreň
250 _aVydanie 1.
264 1 _aBratislava
_bGrada Slovakia, s.r.o. - Metafora
_c2026
300 _a343 strán
336 _atext
_btxt
_2rdacontent
337 _abez média
_bn
_2rdamedia
338 _azväzok
_bnc
_2rdacarrier
500 _aVydala Grada Slovakia, s.r.o. pod značkou Metafora
942 _2ddc
_cKLDO
_n0
949 _61800990128
_aSJ.D.47166
_bPV.2026-988
_s6701:20260302
949 _61800990129
_a33.D.76665
_bPV.2026-992
980 _aGrada Slovakia, s.r.o., Moskovská 29, 811 08 Bratislava
999 _c21912
_d21912